| 000 | 00807nam a2200217 a 4500 | ||
|---|---|---|---|
| 003 | 0 | ||
| 005 | 20250221142942.0 | ||
| 008 | 101112s19uu xx 00 eng d | ||
| 050 |
_aPHS GV 711 _b.Oy1 2010 |
||
| 100 | _aMiko, Oyama. | ||
| 245 |
_aGender difference and emotional intelligence of SISC varsity players / _cOyama Miko. |
||
| 260 |
_aLas PiƱas City, Philippines : _bSouthville International School and Colleges, _c2010. |
||
| 300 |
_a23 pages : _billustrations ; _c28 cm. |
||
| 504 | _aIncludes bibliographical references. | ||
| 650 |
_aVarsity athletes _xEmotional intelligence. |
||
| 650 |
_aGender identity _xPsychological aspects. |
||
| 650 |
_aEmotional intelligence _xSex differences. |
||
| 650 |
_aSports _xPsychological aspects. |
||
| 650 |
_aAthletes _xPsychology. |
||
| 942 |
_2lcc _cPASS |
||
| 999 |
_c98479 _d98479 |
||